00436cam a2200181ua 45000010005000000080039000050200019000440400009000630410012000720820012000841000021000962450030001172500009001472600032001563000016001886530019002047000031002237424161031n1942 II |||gr||||Z||||||eng a0-14-043-153-0 aMAIN aEnglish a824 WIL aWILLIAMS , W.E . aA BOOK OF ENGLISH ESSAYS  a1ST. aLONDONbPENGUIN BOOKSc1942 a373:c18CM. aEnglish essays aWILLIAMS , W.E .,eAUTHOR.